004250000a22001210004500090001700000245007300017041001400090700002600104100003900130942001300169773010400182999001700286 aASbSeriadas10aEspecie nueva de Espeletiopsis (Asteraceae, Heliantheae) de Colombia0 aEspañol1 aObando, Sandra9997831 aDíaz Piedrahita, Santiago995842 cARTICULO1 tRevista de la Academia Colombiana de Ciencias Exacta, Físicas y Naturalesh108q323-326d2004g28 c16063d16063